Cultivo de tomate en hidroponía e invernadero
Spremljeno u:
| Glavni autori: | , , |
|---|---|
| Format: | Knjiga |
| Jezik: | španjolski |
| Izdano: |
Ciudad de México
Universidad Autónoma Chapingo
2011
|
| Izdanje: | 3a. ed |
| Teme: | |
| Oznake: |
Dodaj oznaku
Bez oznaka, Budi prvi tko označuje ovaj zapis!
|
MARC
| LEADER | 00000cam a2200000 a 4500 | ||
|---|---|---|---|
| 001 | UCE5431 | ||
| 003 | CL-VaPUC | ||
| 008 | 150109e20110000mx |||||||||||||||||spa|d | ||
| 020 | |a 9786077699125 | ||
| 082 | 0 | 4 | |a 635.642 |b VEL |2 21 |
| 100 | 0 | |a Velasco Hernández, Ezequiel |e author |9 578054 | |
| 700 | 0 | |a Nieto Angel, Raúl |e author |9 578055 | |
| 700 | 0 | |a Navarro López, Erik R |e author |9 578056 | |
| 245 | 1 | 0 | |a Cultivo de tomate en hidroponía e invernadero |
| 250 | |a 3a. ed | ||
| 300 | |a 126 p | ||
| 942 | |c BK | ||
| 945 | |d 20150109 08:57:00 |a dcastane | ||
| 260 | |a Ciudad de México |b Universidad Autónoma Chapingo |c 2011 | ||
| 650 | 7 | |a TOMATE |2 CL-VaPUC |9 264158 | |
| 650 | 7 | |a CULTIVO DE TOMATE |2 CL-VaPUC |9 560977 | |
| 650 | 0 | |a Fisiología vegetal |9 260158 | |
| 583 | |a last modification |c 20150109 08:57:00 |k Rodrigo Vera | ||
| 999 | |c 358149 |d 358147 | ||
| 952 | |0 0 |1 0 |3 erd |4 0 |6 635_642000000000000_VEL_2011 |7 0 |8 A |9 466671 |a BIBAGR |b BIBAGR |i 5133777 |o 635.642 VEL 2011 |p 5133777 |r 2025-01-20 |w 2019-11-23 |y BK |z Catalogado en:20150109 |k AGR | ||
| 952 | |0 0 |1 0 |3 erd |4 0 |6 635_642000000000000_VEL_2011 |7 0 |8 A |9 466672 |a BIBAGR |b BIBAGR |i 5133785 |o 635.642 VEL 2011 |p 5133785 |r 2025-01-20 |w 2019-11-23 |y BK |z Catalogado en:20150109 |k AGR | ||
| 952 | |0 0 |1 0 |3 erd |4 0 |6 635_642000000000000_VEL_2011 |7 0 |8 A |9 466673 |a BIBAGR |b BIBAGR |i 5133793 |o 635.642 VEL 2011 |p 5133793 |r 2025-01-20 |w 2019-11-23 |y BK |z Catalogado en:20150109 |k AGR | ||